Smart Trust : (Record no. 1035)

000 -LEADER
fixed length control field 00735nam a2200241 a 4500
008 - FIXED-LENGTH DATA ELEMENTS--GENERAL INFORMATION
fixed length control field 191121t2013 xxua|||g |||| 00| 0 eng d
020 ## - INTERNATIONAL STANDARD BOOK NUMBER
International Standard Book Number 9781451652178
Terms of availability Rs. 550.00
040 ## - CATALOGING SOURCE
Original cataloging agency IMU Kochi Library
Language of cataloging eng
041 0# - LANGUAGE CODE
Language code of text/sound track or separate title eng
044 ## - COUNTRY OF PUBLISHING/PRODUCING ENTITY CODE
MARC country code United States
082 04 - DEWEY DECIMAL CLASSIFICATION NUMBER
Edition number 23
Classification number 174.4
Item number C8382
100 1# - MAIN ENTRY--PERSONAL NAME
Personal name Covey, Stephen M. R.
245 10 - TITLE STATEMENT
Title Smart Trust :
Sub Title the defining skill that transforms managers into leaders /
260 ## - PUBLICATION, DISTRIBUTION, ETC. (IMPRINT)
Place of publication, distribution, etc New York :
Name of publisher, distributor, etc Free Press (Simon & Schuster Inc. ,
Date of publication, distribution, etc 2013
300 ## - PHYSICAL DESCRIPTION
Extent xxiii, 295 p. :
Other physical details ill. ;
Dimensions 21 cm
650 #0 - SUBJECT ADDED ENTRY--TOPICAL TERM
Topical term or geographic name as entry element Business ethics
650 #0 - SUBJECT ADDED ENTRY--TOPICAL TERM
Topical term or geographic name as entry element Trust
700 ## - ADDED ENTRY--PERSONAL NAME
Personal name Link, Greg
Relator term Joint Author
700 ## - ADDED ENTRY--PERSONAL NAME
Personal name Merrill, Rebecca R.
Relator term Joint Author
852 ## - LOCATION/CALL NUMBER
Location IMU Kochi Library
904 ## - LOCAL DATA ELEMENT D, LDD (RLIN)
CATALOGER Akhil Bose
942 ## - ADDED ENTRY ELEMENTS (KOHA)
Item type Books
Holdings
Withdrawn status Lost status Source of classification or shelving scheme Damaged status Not for loan Collection code Permanent location Current location Shelving location Date acquired Source of acquisition Cost, normal purchase price Full call number Barcode Date last seen Koha item type Public note
          Non-fiction IMU Kochi Library IMU Kochi Library Fiction & General 2014-12-04 M/s Current Books (Inv. No. 000983 dt. 2014-11-24) 550.00 174.4 C8382 BK002766 2019-11-21 Books Shelf-18, Row-2


Copyright © All Rights Reserved by Indian Maritime University, Kochi Campus.
For any Suggestions/Query Contact to library or Email: library.kochi@imu.ac.in Ph:(0484)-2989402
(Web OPAC Designed by Rudra Ranjan. Maintained by IMU Kochi Library)

Powered by Koha